000 00296nam a22001337a 4500
008 190305b xxu||||| |||| 00| 0 eng d
020 _a9780312403386
041 _aeng
080 _27th
_a070
100 _a40
101 _aMK
245 _aTechnical Communication
_cMarkel,M
942 _2udc
_cBK
999 _c54506
_d54506